[Event "Landesliga Nord 1516"]
[Site "Bayern"]
[Date "2015.10.11"]
[Round "1.6"]
[White "Mittag, Ralf"]
[Black "Droll, Johannes"]
[Result "0-1"]
[WhiteElo "2101"]
[BlackElo "2205"]
[PlyCount "160"]
[EventDate "2015.10.11"]
[EventType "team-tourn"]
[EventRounds "9"]
[EventCountry "GER"]
[SourceTitle "EXT 2018"]
[Source "ChessBase"]
[SourceDate "2017.10.13"]
[SourceVersion "1"]
[SourceVersionDate "2017.10.13"]
[SourceQuality "1"]
[WhiteTeam "Bamberg SC"]
[BlackTeam "Bindlach Aktionaer II"]
[WhiteTeamCountry "GER"]
[BlackTeamCountry "GER"]

1. c4 f5 2. Nc3 Nf6 3. g3 g6 4. Bg2 Bg7 5. Nf3 0-0 6. d4 d6 7. 0-0 Qe8 8. d5 a5 9. Be3 Na6 10. Qd2 Ng4 11. Bf4 Bd7 12. h3 Nf6 13. Bh6 Nc5 14. Bxg7 Kxg7 15. Nd4 c6 16. b3 Rd8 17. Rad1 e5 18. dxe6 Bxe6 19. Rfe1 Bc8 20. Qb2 Kg8 21. Qa3 Qe5 22. Qxa5 Bd7 23. Nf3 Qe7 24. Qa3 Nfe4 25. Qc1 Ra8 26. b4 Nxc3 27. Qxc3 Ne4 28. Qc2 Ra3 29. Rd3 Rfa8 30. Rxa3 Rxa3 31. Qb2 Rc3 32. Nd2 Qe5 33. Nf3 Qe7 34. Rc1 Qf6 35. e3 Rxc4 36. Nd4 b5 37. Rxc4 bxc4 38. Qc2 d5 39. Qa4 Qd6 40. Qa8+ Kg7 41. Qb7 c3 42. Bxe4 dxe4 43. Kg2 Kh6 44. Qb6 Be6 45. b5 Bxa2 46. bxc6 Bd5 47. Kf1 Bc4+ 48. Kg2 Bd5 49. Qa5 Bxc6 50. Qxc3 Bd7 51. Qa5 Kg7 52. Qa7 Kf6 53. Qa8 Qe7 54. Qh8+ Qg7 55. Qb8 Qe7 56. Qf4 Qe5 57. Qh4+ Kg7 58. Qd8 Be8 59. Qc8 Bf7 60. Qd7 Kf6 61. Nc6 Qd5 62. Qe7+ Kg7 63. Nd8 Qc4 64. Qe5+ Kg8 65. Qf6 Qd5 66. Nc6 Qe6 67. Qd8+ Qe8 68. Qc7 Qe6 69. Ne5 Kg7 70. Nd7 Qd5 71. Qc8 Qd6 72. Qc3+ Kh6 73. Ne5 Qe7 74. Qd4 Be6 75. Nc6 Qd7 76. Qc5 Kg7 77. Qc3+ Kg8 78. h4 f4 79. Ne5 f3+ 80. Kh2 Qd1 0-1

[Event "Landesliga Nord 1314"]
[Site "Bayern"]
[Date "2013.11.10"]
[Round "2.6"]
[White "Droll, Johannes"]
[Black "Bakalar, Petr"]
[Result "1/2-1/2"]
[WhiteElo "2205"]
[BlackElo "2210"]
[PlyCount "34"]
[EventDate "2013.10.13"]
[EventType "team"]
[EventRounds "9"]
[EventCountry "GER"]
[SourceTitle "EXT 2015"]
[Source "ChessBase"]
[SourceDate "2014.11.20"]
[SourceVersion "1"]
[SourceVersionDate "2014.11.20"]
[SourceQuality "1"]
[WhiteTeam "Bindlach II"]
[BlackTeam "Obernau"]
[WhiteTeamCountry "GER"]
[BlackTeamCountry "GER"]

1. c4 e5 2. g3 Nc6 3. Bg2 g6 4. Nc3 Bg7 5. e4 d6 6. Nge2 f5 7. d3 Nf6 8. 0-0 0-0 9. Nd5 fxe4 10. dxe4 Be6 11. h3 Qd7 12. Kh2 Nd4 13. Be3 c6 14. Nxf6+ Bxf6 15. Nxd4 exd4 16. Bxd4 Bxc4 17. Re1 Qg7 1/2-1/2

[Event "Landesliga Nord 1213"]
[Site "Bayern"]
[Date "2013.01.13"]
[Round "5.3"]
[White "Droll, Johannes"]
[Black "Fuhrmann, Max"]
[Result "1-0"]
[WhiteElo "2184"]
[BlackElo "2073"]
[PlyCount "87"]
[EventDate "2012.10.14"]
[EventType "team-tourn"]
[EventRounds "9"]
[EventCountry "GER"]
[SourceTitle "EXT 2015"]
[Source "ChessBase"]
[SourceDate "2014.11.20"]
[SourceVersion "1"]
[SourceVersionDate "2014.11.20"]
[SourceQuality "1"]
[WhiteTeam "Bindlach II"]
[BlackTeam "Kelheim"]
[WhiteTeamCountry "GER"]
[BlackTeamCountry "GER"]

1. c4 c6 2. g3 d5 3. Bg2 Nf6 4. Nf3 Bf5 5. cxd5 cxd5 6. Qb3 Qb6 7. Qxb6 axb6 8. Nc3 Nc6 9. Nb5 Ra5 10. Nfd4 Bd7 11. f4 e6 12. Nxc6 bxc6 13. Nd4 Bd6 14. d3 c5 15. Nc2 Bc6 16. Bd2 Ra7 17. 0-0 Kd7 18. a3 Ba4 19. Ne3 Bb3 20. Nd1 b5 21. e4 Be7 22. Nf2 Rha8 23. Rac1 d4 24. g4 Rc8 25. g5 Ne8 26. Ng4 f6 27. Bh3 c4 28. f5 c3 29. bxc3 Bxa3 30. Rb1 Bc2 31. fxe6+ Ke7 32. gxf6+ gxf6 33. e5 fxe5 34. Rf7+ Kd6 35. Rxb5 Rxf7 36. exf7 Nc7 37. Rb6+ Kc5 38. Rf6 Rf8 39. Nxe5 Kd5 40. Nd7 dxc3 41. Bxc3 Bxd3 42. Bg2+ Be4 43. Nb6+ Kc5 44. Bxe4 1-0

[Event "BL2-Ost 1011"]
[Site "Germany"]
[Date "2011.03.20"]
[Round "8.3"]
[White "Platzgummer, Fabian"]
[Black "Droll, Johannes"]
[Result "1-0"]
[WhiteElo "2311"]
[BlackElo "2225"]
[PlyCount "87"]
[EventDate "2010.10.10"]
[EventType "team-tourn"]
[EventRounds "9"]
[EventCountry "GER"]
[SourceTitle "EXT 2012"]
[Source "ChessBase"]
[SourceDate "2011.11.24"]
[SourceVersion "1"]
[SourceVersionDate "2011.11.24"]
[SourceQuality "1"]
[WhiteTeam "Bayern Muenchen II"]
[BlackTeam "Bindlach"]
[WhiteTeamCountry "GER"]
[BlackTeamCountry "GER"]

1. e4 c5 2. Nf3 a6 3. c4 b5 4. cxb5 g6 5. Nc3 Bg7 6. Qb3 axb5 7. Bxb5 Nf6 8. e5 Ng4 9. Qc4 Nh6 10. Qxc5 Na6 11. Qe3 Bb7 12. Bxa6 Bxa6 13. b4 Qb8 14. b5 Nf5 15. Qd3 Bb7 16. a4 Bxe5 17. 0-0 Bxf3 18. Qxf3 Bxh2+ 19. Kh1 h5 20. Re1 h4 21. Nd5 Be5 22. d4 Bd6 23. b6 Kf8 24. a5 h3 25. g4 Nxd4 26. Qe4 Nb3 27. Bb2 Nc5 28. Qc4 Rh4 29. a6 e6 30. Qd4 e5 31. Qc4 f5 32. Ba3 Rxg4 33. f4 Ne4 34. Rxe4 fxe4 35. a7 Qb7 36. Bxd6+ Kg7 37. Bxe5+ Kh6 38. Ra3 Rh4 39. Bf6 Rc8 40. Bg5+ Kh7 41. a8Q Rxa8 42. Rxa8 Qxa8 43. Nf6+ Kg7 44. Qg8+ 1-0

[Event "BL2-Ost 1011"]
[Site "Germany"]
[Date "2011.01.16"]
[Round "5.6"]
[White "Droll, Johannes"]
[Black "Troyke, Christian"]
[Result "1/2-1/2"]
[WhiteElo "2225"]
[BlackElo "2359"]
[PlyCount "52"]
[EventDate "2010.10.10"]
[EventType "team-tourn"]
[EventRounds "9"]
[EventCountry "GER"]
[SourceTitle "EXT 2012"]
[Source "ChessBase"]
[SourceDate "2011.11.24"]
[SourceVersion "1"]
[SourceVersionDate "2011.11.24"]
[SourceQuality "1"]
[WhiteTeam "Bindlach"]
[BlackTeam "Erfurt SK"]
[WhiteTeamCountry "GER"]
[BlackTeamCountry "GER"]

1. c4 g6 2. g3 Bg7 3. Bg2 c5 4. Nc3 Nc6 5. a3 e6 6. b4 d6 7. Rb1 Nge7 8. e3 0-0 9. Nge2 Rb8 10. 0-0 b6 11. d4 Bb7 12. dxc5 dxc5 13. bxc5 bxc5 14. Qa4 Qa5 15. Qxa5 Nxa5 16. Bxb7 Rxb7 17. Rxb7 Nxb7 18. Rd1 Rd8 19. Rxd8+ Nxd8 20. Ne4 Nb7 21. a4 Nc6 22. Ba3 Nca5 23. Nd2 a6 24. Kf1 f5 25. Ke1 Kf7 26. Kd1 Nd6 1/2-1/2

[Event "BL2-Ost 1011"]
[Site "Germany"]
[Date "2010.10.24"]
[Round "2.8"]
[White "Kulke, Tobias"]
[Black "Droll, Johannes"]
[Result "1-0"]
[WhiteElo "2122"]
[BlackElo "2225"]
[PlyCount "61"]
[EventDate "2010.10.10"]
[EventType "team-tourn"]
[EventRounds "9"]
[EventCountry "GER"]
[SourceTitle "EXT 2012"]
[Source "ChessBase"]
[SourceDate "2011.11.24"]
[SourceVersion "1"]
[SourceVersionDate "2011.11.24"]
[SourceQuality "1"]
[WhiteTeam "Chemnitz USG"]
[BlackTeam "Bindlach"]
[WhiteTeamCountry "GER"]
[BlackTeamCountry "GER"]

1. e4 c5 2. Nf3 a6 3. c3 b5 4. d4 Bb7 5. Bd3 e6 6. 0-0 Nf6 7. Re1 Be7 8. Nbd2 d6 9. Nf1 Nbd7 10. Ng3 h5 11. Bg5 Ng4 12. h4 Bxg5 13. Nxg5 Qf6 14. Qf3 Qxf3 15. gxf3 Ngf6 16. a4 c4 17. Be2 0-0 18. f4 g6 19. f5 exf5 20. exf5 Nb6 21. fxg6 fxg6 22. Ne6 Nxa4 23. Nxf8 Rxf8 24. Bxc4+ bxc4 25. Rxa4 Ng4 26. Re2 Bf3 27. Re6 Nxf2 28. Rxg6+ Kh7 29. Rxd6 Nh3+ 30. Kh2 Bg4 31. Ne4 1-0

[Event "Regionalliga NW 0809"]
[Site "Bayern"]
[Date "2008.12.14"]
[Round "4.1"]
[White "Schramm, Christian"]
[Black "Droll, Johannes"]
[Result "0-1"]
[WhiteElo "2275"]
[BlackElo "2146"]
[PlyCount "68"]
[EventDate "2008.10.05"]
[EventType "team-tourn"]
[EventRounds "9"]
[EventCountry "GER"]
[SourceTitle "EXT 2020"]
[Source "ChessBase"]
[SourceDate "2019.10.17"]
[SourceVersion "1"]
[SourceVersionDate "2019.10.17"]
[SourceQuality "1"]
[WhiteTeam "Obernau"]
[BlackTeam "Bindlach II"]
[WhiteTeamCountry "GER"]
[BlackTeamCountry "GER"]

1. e4 c5 2. Nf3 a6 3. g3 b5 4. Bg2 Bb7 5. d3 e6 6. 0-0 Nf6 7. Nbd2 Be7 8. Re1 0-0 9. Nf1 d6 10. h4 Nbd7 11. Ng5 Qc7 12. f4 e5 13. c4 Nb8 14. b3 Nc6 15. Ne3 Nd4 16. Rf1 Nd7 17. Bh3 exf4 18. gxf4 h6 19. Nf3 Nxf3+ 20. Qxf3 Bxh4 21. Bb2 Bf6 22. Rf2 Bxb2 23. Rxb2 Nf6 24. Rg2 Kh8 25. Kh2 Rae8 26. Rag1 g6 27. Qg3 Nh5 28. Qh4 d5 29. e5 dxc4 30. Rxg6 fxg6 31. Rxg6 Rxe5 32. Qg4 Re7 33. Nf5 Qxf4+ 34. Qxf4 Nxf4 0-1